Online Catalogue and eLibrary

Media Culture and Society (Record no. 5893)

MARC details
000 -LEADER
fixed length control field 00464nam a22001937a 4500
005 - DATE AND TIME OF LATEST TRANSACTION
control field 20240612052633.0
008 - FIXED-LENGTH DATA ELEMENTS--GENERAL INFORMATION
fixed length control field 240612b |||||||| |||| 00| 0 eng d
020 ## - INTERNATIONAL STANDARD BOOK NUMBER
ISBN 9781473902367
082 ## - DDC Classification
DDC Edition Number 22
Class No. 302
Item Number - Author Mark MED
100 ## - MAIN ENTRY--PERSONAL NAME
Personal name Hodkinson, Paul
245 ## - TITLE STATEMENT
Title Media Culture and Society
Statement of responsibility, etc. Paul, Hodkinson
250 ## - EDITION STATEMENT
Edition statement 2nd
260 ## - PUBLICATION, DISTRIBUTION, ETC.
Name of publisher, distributor, etc. Sage Publications
Date of publication, distribution, etc. 2017
300 ## - PHYSICAL DESCRIPTION
Extent (e.g. Volumes, Pages etc.) xi, 326 p .,
650 ## - SUBJECT ADDED ENTRY--TOPICAL TERM
Topical term or geographic name entry element Media
650 ## - SUBJECT ADDED ENTRY--TOPICAL TERM
Topical term or geographic name entry element Culture
650 ## - SUBJECT ADDED ENTRY--TOPICAL TERM
Topical term or geographic name entry element society
942 ## - Koha item type (Biblio)
Koha item type Books in Stacks (Lending)
Holdings
Lost status Damaged status Collection code Home library Current library Date acquired Full call number Accession Number Item type
    Lending WERC Library WERC Library 06/12/2024 302 MED 7040 Books in Stacks (Lending)

© WERC Library